Islamists and secularists in Egypt : (Record no. 13449)
[ view plain ]
| 000 -LEADER | |
|---|---|
| fixed length control field | 01222cam a22003498a 4500 |
| 001 - CONTROL NUMBER | |
| control field | 15777525 |
| 005 - DATE AND TIME OF LATEST TRANSACTION | |
| control field | 20160525114015.0 |
| 008 - FIXED-LENGTH DATA ELEMENTS--GENERAL INFORMATION | |
| fixed length control field | 090616s2010 enk b 001 0 eng |
| 010 ## - LIBRARY OF CONGRESS CONTROL NUMBER | |
| LC control number | 2009023907 |
| 020 ## - INTERNATIONAL STANDARD BOOK NUMBER | |
| International Standard Book Number | 9780415495479 (hardback : alk. paper) |
| 020 ## - INTERNATIONAL STANDARD BOOK NUMBER | |
| International Standard Book Number | 9780203863480 (ebook) |
| 040 ## - CATALOGING SOURCE | |
| Original cataloging agency | DLC |
| Transcribing agency | DLC |
| 043 ## - GEOGRAPHIC AREA CODE | |
| Geographic area code | f-ua--- |
| 050 00 - LIBRARY OF CONGRESS CALL NUMBER | |
| Classification number | JQ3881 |
| Item number | .S54 2010 |
| 082 00 - DEWEY DECIMAL CLASSIFICATION NUMBER | |
| Classification number | 320.962 |
| Edition number | 22 |
| Item number | SHE |
| 100 1# - MAIN ENTRY--PERSONAL NAME | |
| Personal name | Shehata, Dina. |
| 9 (RLIN) | 11622 |
| 245 10 - TITLE STATEMENT | |
| Title | Islamists and secularists in Egypt : |
| Remainder of title | opposition, conflict & cooperation / |
| Statement of responsibility, etc | Dina Shehata. |
| 260 ## - PUBLICATION, DISTRIBUTION, ETC. (IMPRINT) | |
| Place of publication, distribution, etc | Milton Park, Abingdon, Oxon ; |
| -- | New York : |
| Name of publisher, distributor, etc | Routledge, |
| Date of publication, distribution, etc | c.2010. |
| 263 ## - PROJECTED PUBLICATION DATE | |
| Projected publication date | 0912 |
| 300 ## - PHYSICAL DESCRIPTION | |
| Extent | 179p: |
| Other physical details | ill; |
| Dimensions | 25 cm. |
| 490 0# - Series Statement | |
| Series statement | Routledge studies in middle eastern politics ; |
| Volume/sequential designation | 17 |
| 500 ## - GENERAL NOTE | |
| General note | Includes Index. |
| 504 ## - BIBLIOGRAPHY, ETC. NOTE | |
| Bibliography, etc | Includes bibliographical references and index. |
| 650 #0 - SUBJECT ADDED ENTRY--TOPICAL TERM | |
| Topical term or geographic name as entry element | Democratization |
| Geographic subdivision | Egypt. |
| 9 (RLIN) | 11623 |
| 650 #0 - SUBJECT ADDED ENTRY--TOPICAL TERM | |
| Topical term or geographic name as entry element | Political parties |
| Geographic subdivision | Egypt. |
| 9 (RLIN) | 11624 |
| 650 #0 - SUBJECT ADDED ENTRY--TOPICAL TERM | |
| 9 (RLIN) | 11625 |
| Topical term or geographic name as entry element | Islam and politics |
| Geographic subdivision | Egypt |
| 650 #0 - SUBJECT ADDED ENTRY--TOPICAL TERM | |
| 9 (RLIN) | 11626 |
| Topical term or geographic name as entry element | Authoritarianism |
| Geographic subdivision | Egypt |
| 650 #0 - SUBJECT ADDED ENTRY--TOPICAL TERM | |
| 9 (RLIN) | 11627 |
| Topical term or geographic name as entry element | Muslims |
| Geographic subdivision | Egypt |
| General subdivision | Social conditions |
| 651 #0 - SUBJECT ADDED ENTRY--GEOGRAPHIC NAME | |
| 9 (RLIN) | 11628 |
| Geographic name | Egypt |
| General subdivision | Politics and government |
| 942 ## - ADDED ENTRY ELEMENTS (KOHA) | |
| Source of classification or shelving scheme | Dewey Decimal Classification |
| Item type | Book - Borrowing |
| Withdrawn status | Item status | Source of classification or shelving scheme | Damaged status | Not for loan | Vendor | Home library | Current library | Shelving location | Date acquired | Source of acquisition | Cost, normal purchase price | Serial Enumeration / chronology | Total Checkouts | Total Renewals | Full call number | Barcode | Date last seen | Date last borrowed | Koha item type |
|---|---|---|---|---|---|---|---|---|---|---|---|---|---|---|---|---|---|---|---|
| Dewey Decimal Classification | MERIC | Central Library | Central Library | First floor | 22/02/2010 | 656.80 | 10029 | 17 | 23 | 320.962 SHE | 000019914 | 15/07/2025 | 11/11/2019 | Book - Borrowing |